| 000 | 00799cab a2200229 4500 | ||
|---|---|---|---|
| 001 | WB3437-04 | ||
| 008 | 090401t1998 xxu||||| |||| 00| 0 eng d | ||
| 035 | _a(Sirsi) u88791 | ||
| 041 | _aeng | ||
| 245 | _aBuilding control inspectors | ||
| 260 | _c1998 | ||
| 350 | _a0 | ||
| 490 |
_aDETR News Release _v(793) 28 September 1998 (2) |
||
| 520 | _aGovernment has published new regulations giving the Construction Industry Council power to decide the applications of companies wishing to become private sector building contro inspectors. | ||
| 650 | _aBUILDING CONTROL INSPECTORS | ||
| 650 |
_aBUILDING CONTROL _96222 |
||
| 650 |
_aBUILDING REGULATIONS _96224 |
||
| 650 | _aCONSTRUCTION INDUSTRY COUNCIL | ||
| 690 | _aBUILDING AND CONSTRUCTION-CONTROL | ||
| 942 | _n0 | ||
| 948 | _c01/10/1998 | ||
| 999 |
_c56141 _d56141 |
||